Ecología del banco de semillas de Lithospermum arvense L. modelado de la dormición y germinación /

Guardado en:
Otros Autores: Chantre, Guillermo Rubén. (Disertante), Sabbatini, Mario Ricardo. (Orientador), Orioli, Gustavo Adolfo., 1933- (Orientador)
Formato: Manuscrito
Idioma:Spanish
Publicado: 2010.
Materias:
Acceso en línea:Texto completo
Etiquetas: Agregar Etiqueta
Sin Etiquetas, Sea el primero en etiquetar este registro!
LEADER 01292ntm a22002895a 4500
001 EEA.libagro009340
005 20181026091316.0
008 100705s2010####ag#######bm###000#0#spa#d
082 0 4 |a 040  |2 15 
100 1 |a Chantre, Guillermo Rubén.  |4 dis 
245 1 0 |a Ecología del banco de semillas de Lithospermum arvense L. modelado de la dormición y germinación /  |c Guillermo R. Chantre. 
260 |c 2010. 
300 |a xi, 131 h. :  |b il. (principalmente col.) ;  |c 30 cm. 
500 |a "Tesis de Doctorado en Agronomía". 
500 |a Director de tesis: Mario Ricardo Sabbatini, Gustavo Adolfo Orioli. 
502 |a Tesis (doctoral)--Universidad Nacional del Sur. Departamento de Agronomía, 2010. 
504 |a Incluye referencias bibliográficas (p. 110-124). 
530 |a Disponible también en formato digital. 
650 7 |a Ecología.  |2 unbist 
650 7 |a Semillas.  |2 unbist 
650 7 |a Malezas.  |2 unbist 
650 7 |a Lucha contra las malezas.  |2 unbist 
700 1 |a Sabbatini, Mario Ricardo.  |4 ths 
700 1 |a Orioli, Gustavo Adolfo.,  |d 1933-  |4 ths 
710 2 |a Universidad Nacional del Sur.  |b Departamento de Agronomía.  |4 dgg. 
856 |u http://repositoriodigital.uns.edu.ar/handle/123456789/2065  |3 Texto completo 
859 |a AR-BbBCA  |b BIB. AGRONOMIA  |h 040  |i B148 2010-1007  |p 121525/010